[Event "3rd Chennai Open"]
[Site "Chennai IND"]
[Date "2011.01.19"]
[Round "2"]
[White "Gupta,Ab"]
[Black "Ashwin,J"]
[Result "1/2-1/2"]
[WhiteElo "2590"]
[BlackElo "2427"]

1.d4 Nf6 2.c4 g6 3.Nc3 Bg7 4.e4 d6 5.Nf3 O-O 6.Be2 e5 7.O-O Nc6 8.d5 Ne7
9.Ne1 Nd7 10.Nd3 f5 11.f3 f4 12.Bd2 g5 13.Rc1 Ng6 14.c5 Nf6 15.Nb5 Rf7 16.Ba5 b6
17.cxd6 bxa5 18.dxc7 Qf8 19.Nc5 a6 20.Ne6 Qb4 21.a3 Qe7 22.Nxg5 axb5 23.d6 Qe8
24.Qb3 a4 25.Qa2 Nh8 26.b3 Bf8 27.Rfd1 Kg7 28.bxa4 bxa4 29.Bc4 Kg6 30.Ne6 Rd7
31.Bb5 Nf7 32.Bxd7 Bxd7 33.Nxf8+ Qxf8 34.Qb2 Ne8 35.c8=Q Rxc8 36.Rxc8 Bxc8
37.d7 Bxd7 38.Rxd7 Qc5+ 39.Kh1 Ned6 40.g3 Qe3 41.Kg2 Nc4 42.Qf2 Qxa3 43.h4 Ne3+
44.Kh2 Qc5 45.Qa2 Qc4 46.Qxc4 Nxc4 47.Ra7 a3 48.Ra6+ Kg7 49.Kh3 fxg3 50.Kxg3 Nfd6
51.Kg4 Kg6 52.h5+ Kf6 53.f4 h6 54.Ra4 Ne3+ 55.Kf3 Nc2 56.Ra6 Ke7 57.Kg4 Nxe4
58.fxe5 Nc5 59.Rxh6 a2 60.Rh7+ Ke6 61.Ra7 a1=Q 62.Rxa1 Nxa1 63.h6 Kf7 64.e6+ Nxe6  1/2-1/2

[Event "3rd Chennai Open"]
[Site "Chennai IND"]
[Date "2011.01.21"]
[Round "5"]
[White "Thejkumar,M"]
[Black "Meera,S"]
[Result "1-0"]
[WhiteElo "2457"]
[BlackElo "2162"]

1.d4 Nf6 2.Nf3 g6 3.c4 Bg7 4.Nc3 d6 5.e4 O-O 6.Be2 e5 7.O-O Nc6 8.d5 Ne7
9.b4 Nh5 10.Re1 f5 11.Ng5 Nf6 12.f3 Kh8 13.Rb1 h6 14.Ne6 Bxe6 15.dxe6 Nc6
16.exf5 gxf5 17.Nd5 Nxd5 18.cxd5 Nd4 19.Be3 c6 20.Bxd4 exd4 21.Bd3 Qg5 22.Qc1 Bf6
23.f4 Qg4 24.dxc6 Rg8 25.Rb2 bxc6 26.Qxc6 Rac8 27.Qd5 Qxf4 28.Rf2 Qg5 29.Rxf5 Qd2
30.Ref1 Qxd3 31.Rxf6 Qe3+ 32.Kh1 Rc1 33.h3 d3 34.Rxc1 Qxc1+ 35.Kh2 Qe3 36.Rf3 Qe2
37.Qd4+ Rg7 38.Rg3 Qe5 39.Qxe5 dxe5 40.Rxd3 Re7 41.Rd7 Rxe6 42.Rxa7 e4 43.Kg1 e3
44.Kf1 Rf6+ 45.Ke2 Rf2+ 46.Kxe3 Rxg2 47.b5  1-0

[Event "TCh-NOR Attack-serien 2010-11"]
[Site "Oslo NOR"]
[Date "2011.01.22"]
[Round "5"]
[White "Nilsen,Jo"]
[Black "Monsoy,A"]
[Result "1-0"]
[WhiteElo "2201"]
[BlackElo "1964"]

1.d4 Nf6 2.c4 d6 3.Nc3 Nc6 4.Nf3 g6 5.e4 Bg7 6.Be2 O-O 7.O-O e5 8.d5 Ne7
9.b4 a5 10.Ba3 axb4 11.Bxb4 b6 12.a4 Nd7 13.a5 Nc5 14.Ra3 Bg4 15.axb6 cxb6
16.Qa1 Bh6 17.h3 Bxf3 18.Bxf3 Rxa3 19.Qxa3 Nc8 20.Na4 f5 21.Nxc5 dxc5 22.Bc3 Bg7
23.Re1 Nd6 24.Qb3 Re8 25.g3 Kh8 26.Qa4 Qa8 27.Qd7 Nxc4 28.exf5 gxf5 29.Qxf5 Rf8
30.Qg4 b5 31.Be4 Qe8 32.Bd3 Nd6 33.Qh4 h6 34.Bxe5 Kg8 35.Qg4 Qf7 36.f4 Nc4
37.Bg6 Qe7 38.Bf5 Nxe5 39.fxe5 Qb7 40.Be6+ Kh8 41.Qg6 Qb6 42.Bf5 Qxg6 43.Bxg6 Rd8
44.e6 Bf8 45.e7 Bxe7 46.Rxe7 Rxd5 47.Kf2 Rd6 48.Be4 Rd4 49.Ke3 Rc4 50.Rb7 Rc3+
51.Kf4 b4 52.Kf5 Rxg3 53.Kf6 Rg1 54.Bg6 Rf1+ 55.Bf5 Rg1 56.Bg4 Rf1+ 57.Kg6  1-0

[Event "TCh-BEL 2010-11"]
[Site "Belgium BEL"]
[Date "2011.01.23"]
[Round "7.2"]
[White "Van der Stricht,G"]
[Black "Decoster,F"]
[Result "1/2-1/2"]
[WhiteElo "2392"]
[BlackElo "2260"]

1.d4 Nf6 2.c4 g6 3.Nc3 Bg7 4.e4 d6 5.Be2 O-O 6.Nf3 e5 7.O-O Nc6 8.d5 Ne7
9.b4 Ne8 10.c5 f5 11.a4 Nf6 12.Nd2 f4 13.Nc4 g5 14.Re1 Ng6 15.a5 Rf7 16.Ba3 Bf8
17.cxd6 cxd6 18.b5 g4 19.Bf1 g3 20.fxg3 fxg3 21.hxg3 Ng4 22.Be2 Qg5 23.Qd2 Qh5
24.Bxg4 Bxg4 25.Nxd6 Bh6 26.Qd3 Nf4 27.gxf4 Bxf4 28.Nxf7 Bh2+ 29.Kf2 Qxf7+
30.Qf3 Bxf3 31.gxf3 Rc8 32.Ne2 Qh5 33.Rac1 Rxc1  1/2-1/2

[Event "3rd Chennai Open"]
[Site "Chennai IND"]
[Date "2011.01.23"]
[Round "8"]
[White "Harihara,S"]
[Black "Sai,KG"]
[Result "0-1"]
[WhiteElo "1995"]
[BlackElo "2319"]

1.Nf3 Nf6 2.c4 g6 3.Nc3 Bg7 4.e4 d6 5.d4 O-O 6.Be2 e5 7.O-O Nc6 8.d5 Ne7
9.b4 Nh5 10.Re1 f5 11.Ng5 Nf6 12.f3 Kh8 13.Ne6 Bxe6 14.dxe6 Re8 15.Nd5 fxe4
16.fxe4 Nxe4 17.Nxe7 Qxe7 18.Bf3 Nc3 19.Qc2 e4 20.Bb2 exf3 21.Bxc3 fxg2 22.Re3 Rf8
23.Kxg2 Rf4 24.Rae1 Raf8 25.R1e2 Bf6 26.Qd3 Kg8 27.Be1 Be5 28.Bg3 Rd4 29.Qc3 Rg4
30.Qd3  0-1

[Event "ch-CRO"]
[Site "Marija Bistrica CRO"]
[Date "2011.01.23"]
[Round "7.4"]
[White "Jankovic,A"]
[Black "Saric,Iv"]
[Result "1/2-1/2"]
[WhiteElo "2564"]
[BlackElo "2609"]

1.d4 Nf6 2.c4 g6 3.Nc3 Bg7 4.e4 d6 5.Nf3 O-O 6.Be2 e5 7.O-O Nc6 8.d5 Ne7
9.Ne1 Nd7 10.Nd3 f5 11.Bd2 Kh8 12.Rc1 Nf6 13.f3 c5 14.g4 h6 15.h4 a6 16.Kg2 b5
17.a3 Bd7 18.Nf2 Rb8 19.b3 Neg8 20.Rh1 Nh7 21.Nd3 Ngf6 22.Nf2 Ng8 23.Nd3 Ngf6
24.Nf2  1/2-1/2

[Event "ch-CRO"]
[Site "Marija Bistrica CRO"]
[Date "2011.01.23"]
[Round "7.2"]
[White "Kozul,Z"]
[Black "Jovanovic,Zo CRO"]
[Result "0-1"]
[WhiteElo "2576"]
[BlackElo "2539"]

1.d4 Nf6 2.Nf3 g6 3.c4 Bg7 4.Nc3 O-O 5.e4 d6 6.Be2 e5 7.O-O Nc6 8.d5 Ne7
9.Ne1 Nd7 10.Be3 f5 11.f3 f4 12.Bf2 g5 13.a4 a5 14.Nd3 b6 15.Be1 h5 16.Nf2 Rf7
17.Nb5 Bf8 18.b4 Rg7 19.bxa5 bxa5 20.h3 Ng6 21.Ra2 Nf6 22.Bc3 Nh4 23.c5 g4
24.fxg4 hxg4 25.Bxg4 Nxg4 26.Nxg4 Bxg4 27.hxg4 Qg5 28.c6 Rh7 29.Be1 Qh6 30.Bxh4 Qxh4
31.Qf3 Be7 32.Rfa1 Bf6 33.Nc3 Kh8 34.Nd1 Qe1+  0-1

[Event "TCh-BEL 2010-11"]
[Site "Namur BEL"]
[Date "2011.01.23"]
[Round "7.4"]
[White "Houriez,C"]
[Black "Denayer,E"]
[Result "1-0"]
[WhiteElo "2256"]
[BlackElo "2216"]

1.d4 Nf6 2.c4 g6 3.Nc3 Bg7 4.e4 d6 5.Nf3 O-O 6.Be2 e5 7.O-O Nc6 8.d5 Ne7
9.Nd2 c5 10.Rb1 Ne8 11.b4 cxb4 12.Rxb4 Nc7 13.Rb1 Na6 14.Nb3 b6 15.a4 f5
16.f3 f4 17.a5 Nc5 18.axb6 axb6 19.Nxc5 bxc5 20.Qb3 g5 21.Bd2 Qe8 22.Ra1 Rxa1
23.Rxa1 g4 24.Ra8 Qg6 25.Nb5 gxf3 26.Bxf3 Qf6 27.Ba5 Bd7 28.Ra7 Be8 29.Bd8 Qh4
30.Qb1 Bf6 31.Nxd6 Bg6 32.Ba5 Bh5 33.Be1 Qg5 34.Qd1 Bxf3 35.Qxf3 Ng6 36.Nb5 Nh4
37.Bxh4 Qxh4 38.Qf2 Qh5 39.Qf3 Qh4 40.Qf2 Qh5 41.Qf3 Qh4  1-0

[Event "Oceania Zonal"]
[Site "Rotorua NZL"]
[Date "2011.01.25"]
[Round "1.13"]
[White "Lukey,S"]
[Black "Wang,O"]
[Result "1-0"]
[WhiteElo "2244"]
[BlackElo "1942"]

1.d4 Nf6 2.c4 g6 3.Nc3 Bg7 4.e4 O-O 5.Nf3 d6 6.Be2 e5 7.O-O Nc6 8.d5 Ne7
9.b4 Nd7 10.a4 f5 11.Nd2 Nf6 12.c5 Rf7 13.cxd6 cxd6 14.b5 Bf8 15.Ba3 g5 16.Nc4 Ng6
17.exf5 Bxf5 18.Ne3 Bc8 19.Re1 Nf4 20.Bf1 b6 21.Rc1 Qd7 22.Qc2 Bb7 23.Qb3 Ng4
24.Ncd1 Nf6 25.Rc6 Ne4 26.Qc2 Nc5 27.Nc3 Re8 28.Bc4 Kh8 29.Ne4 Nxe4 30.Qxe4 Nh5
31.g3 Nf6 32.Qc2 Ng8 33.Qc3 Nh6 34.a5 Qd8 35.a6 Bc8 36.Bf1 Rf6 37.Rc1 Bg4
38.Rc7 Re7 39.h3 Bf3 40.Rc8 Qd7 41.Qc6 Kg7 42.Qa8 Ref7 43.Rd8 Qe7 44.Re8 Qd7
45.Qc6 Be4 46.Qxd7 Rxd7 47.Bg2 Bd3 48.Bf1 Be4 49.Bg2 Bd3 50.Bf1 Be4 51.Re6 Nf5
52.Rxf6 Kxf6 53.Bg2 Bd3 54.Rc8 Kg7 55.Bf1 Be4 56.Bg2 Bd3 57.Nxf5+ Bxf5 58.Rb8 Bd3
59.Bf1 Bg6 60.f4 gxf4 61.gxf4 exf4 62.Rb7 Bf5 63.Kf2 Kf6 64.Kf3 Ke5 65.Bd3 Bxh3
66.Be4 Kd4 67.Kxf4 h5 68.Bb2+ Kc4 69.Bf5 Bxf5 70.Kxf5 Re7 71.Bf6 Re2 72.Rxa7 Ra2
73.Rf7 Bh6 74.Ke6 Kxb5 75.a7 Kc5 76.Rc7+ Kb5 77.Be7 Bf4 78.Bxd6 Bxd6 79.Kxd6 h4
80.Rh7 h3 81.Rxh3 Rxa7 82.Rb3+ Kc4 83.Rb1 Rh7 84.Rc1+ Kb5 85.Re1 Kc4 86.Re4+ Kc3
87.Kc6 Rh6+ 88.Re6 Rh8 89.d6 Kc4 90.d7 Rd8 91.Re4+ Kd3 92.Rb4  1-0

[Event "3rd Chennai Open"]
[Site "Chennai IND"]
[Date "2011.01.26"]
[Round "11"]
[White "Visakh Nr"]
[Black "Vishnu,P"]
[Result "1/2-1/2"]
[WhiteElo "1928"]
[BlackElo "2369"]

1.d4 Nf6 2.Nf3 g6 3.c4 Bg7 4.Nc3 O-O 5.e4 d6 6.Be2 e5 7.O-O Nc6 8.dxe5 dxe5
9.Qxd8 Rxd8 10.Bg5 Rf8 11.Rfd1 h6 12.Be3 b6 13.h3 Bb7 14.a3 Rfd8 15.Rxd8+ Rxd8
16.Rd1 Re8 17.Bd3 Nd7 18.Bc2 Nc5 19.Nd5 Ne6 20.Ba4 Kf8 21.Rd2 Rd8 22.Bxc6 Bxc6
23.Nxc7 Rc8 24.Nxe6+ fxe6 25.Re2 Bxe4 26.Bxh6 Bxf3 27.Bxg7+ Kxg7 28.gxf3 Rxc4
29.Rxe5 Kf6 30.Re2 a5 31.Kg2 b5 32.Kg3 e5 33.Re3 Ke6 34.Rb3 b4 35.axb4 axb4
36.Rd3 Rd4 37.Re3 Kd5 38.h4 Rd2 39.b3 Rd4 40.Kh3 Rf4 41.Kg3 Rd4 42.Kh3 Rf4
43.Kg3 Rd4 44.Kh3  1/2-1/2

[Event "Oceania Zonal"]
[Site "Rotorua NZL"]
[Date "2011.01.26"]
[Round "2.18"]
[White "Davis,J"]
[Black "Wang,O"]
[Result "1-0"]
[WhiteElo "2023"]
[BlackElo "1942"]

1.d4 Nf6 2.Nf3 g6 3.c4 Bg7 4.Nc3 O-O 5.e4 d6 6.Be2 e5 7.O-O Nc6 8.d5 Ne7
9.Ne1 Nd7 10.Nd3 f5 11.Bd2 Nf6 12.f3 f4 13.Rc1 g5 14.c5 Ng6 15.Nb5 Rf7 16.Ba5 b6
17.cxd6 cxd6 18.Bb4 Bf8 19.Rc6 Bd7 20.Nxd6 Bxc6 21.Nxf7 Kxf7 22.dxc6 Qd4+
23.Kh1 Bxb4 24.Qb3+ Kg7 25.Nxb4 g4 26.Rd1 Qf2 27.Ba6 gxf3 28.Qxf3 Qxb2 29.Nd5 Qxa2
30.Bb7 Nh4 31.Qh3 Qc2 32.Nc3 Nxe4 33.Qg4+ Ng6 34.Nxe4 Rf8 35.Ng5 Re8 36.Rd7+ Kg8
37.Qd1  1-0

[Event "71st ch-ARM"]
[Site "Yerevan ARM"]
[Date "2011.01.28"]
[Round "10"]
[White "Pashikian,A"]
[Black "Petrosian,DG"]
[Result "1/2-1/2"]
[WhiteElo "2640"]
[BlackElo "2485"]

1.d4 Nf6 2.Nf3 g6 3.c4 Bg7 4.Nc3 O-O 5.e4 d6 6.Be2 e5 7.O-O Nc6 8.d5 Ne7
9.Ne1 Nd7 10.Nd3 f5 11.Bd2 Nf6 12.f3 Kh8 13.Rc1 c6 14.b4 b5 15.dxc6 bxc4
16.Nb2 Nxc6 17.Nxc4 Be6 18.Be3 Nd4 19.exf5 Nxf5 20.Bf2 Bh6 21.Rc2 Rc8 22.Nb5 Nd5
23.Nxa7 Rxc4 24.Bxc4 Nde3 25.Qd3 Nxc4 26.Nc6 Qg5 27.Re1 Nfe3 28.Bxe3 Nxe3
29.Rce2 Nd5 30.Kh1 Qh5 31.g4 Qh3 32.Nxe5 Bf4 33.Nc6 Rf6 34.Rg2 Bxg4 35.Re8+ Kg7
36.Nd4 Be5 37.Qe4 Bxf3 38.Nxf3 Rxf3 39.Rxe5 dxe5 40.Qxd5 Rf1+ 41.Rg1 Qf5
42.b5 h5 43.b6 Kh6 44.b7 Qf2 45.Qg2 Rxg1+ 46.Qxg1 Qf3+ 47.Qg2 Qd1+ 48.Qg1 Qd5+
49.Qg2 Qd1+ 50.Qg1 Qd5+ 51.Qg2 e4 52.Qb2 e3+ 53.Kg1 Qd1+ 54.Kg2 Qg4+ 55.Kf1 Qf3+
56.Kg1 Qg4+ 57.Kf1 Qf3+  1/2-1/2

[Event "Oceania Zonal"]
[Site "Rotorua NZL"]
[Date "2011.01.29"]
[Round "7.19"]
[White "Ogada Osir,I"]
[Black "Goundar,S"]
[Result "1-0"]
[WhiteElo "2152"]
[BlackElo "1904"]

1.d4 Nf6 2.c4 g6 3.Nc3 Bg7 4.e4 d6 5.Nf3 O-O 6.Be2 e5 7.O-O Nc6 8.d5 Ne7
9.a4 a5 10.Ne1 Nd7 11.Nd3 f5 12.f3 f4 13.b3 g5 14.Ba3 Nf6 15.c5 Ne8 16.Nb5 Rf7
17.Rc1 Ng6 18.cxd6 cxd6 19.Nb2 h5 20.Nc4 Bf8 21.Rc2 Rg7 22.Kh1 Nh4 23.Qc1 Ra6
24.Ncxd6 Bh3 25.gxh3 Rxd6 26.Rc8 Qd7 27.Rxe8 Qxh3 28.Rf2  1-0

[Event "Gibraltar Masters"]
[Site "Caleta ENG"]
[Date "2011.01.30"]
[Round "6.51"]
[White "Dougherty,M"]
[Black "Stokke,K"]
[Result "0-1"]
[WhiteElo "2183"]
[BlackElo "2413"]

1.Nf3 g6 2.c4 Bg7 3.d4 Nf6 4.Nc3 O-O 5.e4 d6 6.Be2 e5 7.O-O Nc6 8.d5 Ne7
9.b4 a5 10.Ba3 axb4 11.Bxb4 b6 12.a4 Re8 13.Nd2 c5 14.Ba3 Rf8 15.Qb3 Bh6
16.Bc1 Ne8 17.Rb1 Ra6 18.Nf3 Bxc1 19.Rbxc1 f5 20.Ng5 h6 21.Ne6 Bxe6 22.dxe6 Nc7
23.Nb5 Nxe6 24.Rfd1 Nc6 25.Rxd6 Ncd4 26.Qe3 f4 27.Qd2 Qg5 28.Bd1 Rd8 29.Rd5 Raa8
30.Rb1 Qf6 31.Qb2 Nc6 32.Qd2 Nb4 33.Rxb4 cxb4 34.Qxb4 Nc5 35.Bc2 f3 36.Qd2 Ne6
37.g3 Qg5 38.Qe3 Nf4 39.Rxd8+ Rxd8 40.Kf1 Qg4 41.gxf4 Qg2+  0-1

[Event "Moscow Open E"]
[Site "Moscow RUS"]
[Date "2011.01.31"]
[Round "3"]
[White "Lenderman,A"]
[Black "Zolotukhin,V"]
[Result "1-0"]
[WhiteElo "2549"]
[BlackElo "2348"]

1.d4 Nf6 2.Nf3 g6 3.c4 Bg7 4.Nc3 d6 5.e4 O-O 6.Be2 e5 7.O-O Nc6 8.d5 Ne7
9.Ne1 Nd7 10.Be3 f5 11.f3 f4 12.Bf2 g5 13.Rc1 Ng6 14.Nb5 b6 15.b4 a6 16.Nc3 Nf6
17.c5 Bd7 18.cxd6 cxd6 19.b5 h5 20.bxa6 g4 21.Qb3 g3 22.Bxb6 Qe7 23.Nb5 Nh7
24.Kh1 Rfb8 25.Nc7 Qh4 26.Bg1 Rxb3 27.axb3 Ra7 28.b4 Ne7 29.b5 Nc8 30.Ne6 Bf6
31.Nd3 Ng5 32.Rc2 Nxe6 33.dxe6 Bxe6 34.Rfc1 Nb6 35.Rc6 Rg7 36.Rxb6 Bh3 37.Bf1 Qg5
38.Rc2 gxh2 39.Bxh2 Bd7 40.a7 Kh7 41.a8=Q h4 42.Rb8  1-0

[Event "Gibraltar Masters"]
[Site "Caleta ENG"]
[Date "2011.02.03"]
[Round "10.16"]
[White "Ikonnikov,Vy"]
[Black "Das,Arg"]
[Result "1-0"]
[WhiteElo "2580"]
[BlackElo "2479"]

1.d4 Nf6 2.Nf3 g6 3.c4 Bg7 4.Nc3 O-O 5.e4 d6 6.Be2 e5 7.O-O Nc6 8.d5 Ne7
9.Ne1 Nd7 10.Be3 f5 11.f3 f4 12.Bf2 g5 13.a4 a5 14.Nd3 b6 15.b4 axb4 16.Nxb4 Nf6
17.Nc6 Qd7 18.a5 bxa5 19.c5 Ng6 20.cxd6 g4 21.fxg4 cxd6 22.Na4 Nxe4 23.Nb6 Nc3
24.Nxd7 Nxd1 25.Nxf8 Nc3 26.Bf3 Kxf8 27.Rfc1 e4 28.Bd4 Nxd5 29.Bxe4 Nf6 30.Bxg6 hxg6
31.g5 Ne4 32.Bxg7+ Kxg7 33.Rxa5 Rxa5 34.Nxa5 Be6 35.h4 Ng3 36.Re1 Bg8 37.Re7+ Kf8
38.Rd7 Nf5 39.Rd8+ Kg7 40.Nb7 Nxh4 41.Nxd6 Be6 42.Kf2 Kh7 43.Rf8 Nf5 44.Nxf5 Bxf5
45.Kf3 Kg7 46.Re8 Kf7 47.Re5 Kg7 48.Kxf4 Bd3 49.Re7+ Kf8 50.Rc7  1-0

[Event "TCh-CAT Div Hon"]
[Site "Barcelona ESP"]
[Date "2011.02.05"]
[Round "2"]
[White "Cornette,M"]
[Black "Gonzalez Perez,A"]
[Result "0-1"]
[WhiteElo "2544"]
[BlackElo "2448"]

1.d4 Nf6 2.c4 g6 3.Nc3 Bg7 4.e4 d6 5.Nf3 O-O 6.Be2 e5 7.O-O Nc6 8.d5 Ne7
9.Ne1 Nd7 10.f3 f5 11.Bg5 h6 12.Be3 f4 13.Bf2 g5 14.Rc1 Ng6 15.c5 Nxc5 16.b4 Na6
17.Nb5 Bd7 18.a4 Rf7 19.Nd3 h5 20.Be1 Bh6 21.Rc4 Rg7 22.Nf2 Nf8 23.h3 Nh7
24.Qc2 Kh8 25.Qc3 Nf6 26.Nxc7 Nxc7 27.Rxc7 Bxa4 28.Rxg7 Bxg7 29.b5 a6 30.bxa6 bxa6
31.Bd2 Bd7 32.Qb4 Bf8 33.Ra1 Bc8 34.Qb2 a5 35.Qc3 a4 36.Bb5 Bd7 37.Bc6 Ra7
38.Qc4 Bxc6 39.Qxc6 Qd7 40.Bb4 Kg8 41.Nd3 Qxc6 42.dxc6 Kf7 43.Nb2 d5 44.Rxa4 Rc7
45.Bxf8 Kxf8 46.exd5 Nxd5 47.Ra5 Ne3 48.Rc5 Ke7 49.Rxe5+ Kd6 50.Rxg5 Ra7
51.Rg6+ Kd5 52.Nd3 Ra1+ 53.Kf2 Ra2+ 54.Ke1 Nc2+ 55.Kd1 Ne3+ 56.Kc1 Kc4 57.c7 Rc2+
58.Kb1 Kxd3 59.Rd6+ Ke2 60.Rd4 Rxc7 61.Rxf4 Nxg2 62.Rf5 h4 63.f4 Kf3 64.Rg5 Nxf4
65.Rg4 Rh7  0-1

[Event "TCh-CAT Div Hon"]
[Site "Barcelona ESP"]
[Date "2011.02.05"]
[Round "2"]
[White "Lopez Martinez,Josep"]
[Black "Gual Pascual,A"]
[Result "1-0"]
[WhiteElo "2528"]
[BlackElo "2449"]

1.d4 Nf6 2.c4 g6 3.Nc3 Bg7 4.e4 d6 5.Nf3 O-O 6.Be2 e5 7.O-O Nc6 8.d5 Ne7
9.Ne1 Nd7 10.Nd3 f5 11.f3 f4 12.Bd2 g5 13.Rc1 Ng6 14.b4 Nf6 15.c5 Rf7 16.cxd6 cxd6
17.Nf2 Bf8 18.a4 h5 19.a5 Nh4 20.g3 Ng6 21.Nb5 g4 22.fxg4 hxg4 23.Rc3 a6
24.Na3 b5 25.axb6 Qxb6 26.Qc2 Bd7 27.Nc4 Qa7 28.Na5 Ne8 29.Rc6 Bxc6 30.Nxc6 Qb6
31.Bxg4 Ng7 32.Kg2 Rc7 33.Nd3 Ne7 34.Rc1 Nxc6 35.dxc6 Rd8 36.Qc4+ Kh8 37.gxf4 Be7
38.Be1 Bf6 39.Bf2 Qb8 40.Qxa6 Rg8 41.Kh1 Qe8 42.Qc4 Qg6 43.Rg1 Rb8 44.b5 Rxb5
45.Qxb5 Qxe4+ 46.Rg2 Rxc6 47.fxe5 dxe5 48.h3 Rd6 49.Nc5 Qc2 50.Nd7  1-0

[Event "Moscow Open F Women"]
[Site "Moscow RUS"]
[Date "2011.02.05"]
[Round "8.43"]
[White "Saikhanzaya,Ganbaatar"]
[Black "Mukhametgaleeva,R"]
[Result "1/2-1/2"]
[WhiteElo "1704"]
[BlackElo "1983"]

1.d4 Nf6 2.c4 g6 3.Nc3 Bg7 4.Nf3 d6 5.e4 O-O 6.Be2 e5 7.O-O Nc6 8.d5 Ne7
9.Ne1 Nd7 10.Be3 f5 11.f3 a5 12.Nd3 Kh8 13.c5 Nf6 14.Qc2 h6 15.Ne1 fxe4 16.fxe4 Ng4
17.Bxg4 Rxf1+ 18.Kxf1 Bxg4 19.Nd3 c6 20.Kg1 cxd5 21.Nxd5 Nxd5 22.exd5 dxc5
23.Qxc5 Rc8 24.Qb5 Be2 25.Re1 Rc2 26.Nxe5 Bxe5 27.Rxe2 Rxe2 28.Qxe2 Qxd5
29.Bxh6 Qd4+ 30.Be3 Qxb2 31.Qxb2 Bxb2 32.a4 Kg7 33.Kf2 Be5  1/2-1/2

[Event "ch-TUR"]
[Site "Kemer-Antalya TUR"]
[Date "2011.02.06"]
[Round "3"]
[White "Ertan,Oktay"]
[Black "Dastan,B"]
[Result "0-1"]
[WhiteElo "1941"]
[BlackElo "2147"]

1.d4 Nf6 2.c4 g6 3.Nc3 Bg7 4.e4 d6 5.Nf3 O-O 6.Be2 e5 7.O-O Nc6 8.d5 Ne7
9.Ne1 Nd7 10.Be3 f5 11.f3 f4 12.Bf2 g5 13.Rc1 Ng6 14.c5 Nxc5 15.b4 Na6 16.Nb5 Bd7
17.Nxa7 Qb8 18.Bxa6 Rxa7 19.Bc4 b6 20.Nd3 Qe8 21.Qb3 h5 22.b5 Bh6 23.Rc3 Rf7
24.Rfc1 g4 25.Nb4 Rg7 26.Kh1 g3 27.Be1 Nh4 28.Na6 Nxg2 29.Bf1 Ne3 30.Be2 gxh2
31.Rxe3 Qg6 32.Bg3 Qxg3  0-1

[Event "75th ch-BUL Semi-Final"]
[Site "Plovdiv BUL"]
[Date "2011.02.08"]
[Round "2"]
[White "Ivanov,Bor BUL"]
[Black "Pantev,T"]
[Result "1-0"]
[WhiteElo "2201"]
[BlackElo "1806"]

1.d4 Nf6 2.c4 g6 3.Nc3 Bg7 4.e4 d6 5.Nf3 O-O 6.Be2 e5 7.O-O Nc6 8.d5 Ne7
9.Nd2 a5 10.a3 Nd7 11.Rb1 f5 12.b4 Nf6 13.c5 Kh8 14.cxd6 cxd6 15.Qb3 fxe4
16.Ndxe4 Nf5 17.Bg5 Qb6 18.Nxf6 Bxf6 19.Bxf6+ Rxf6 20.Ne4 Rf8 21.Qc4 Qd8
22.Rfc1 Nd4 23.Bd3 Bf5 24.bxa5 Rc8 25.Qa2 Rxc1+ 26.Rxc1 Bxe4 27.Bxe4 Qxa5
28.Qb2 Ra8 29.g3 Qxa3 30.Rc8+ Kg7 31.Qxb7+ Kh6 32.Qxa8 Qb3 33.Rc7 Qd1+ 34.Kg2 Ne2
35.Qf8+  1-0

[Event "75th ch-BUL Semi-Final"]
[Site "Plovdiv BUL"]
[Date "2011.02.11"]
[Round "7"]
[White "Ivanov,Bor BUL"]
[Black "Valkov,V"]
[Result "1-0"]
[WhiteElo "2201"]
[BlackElo "2082"]

1.d4 Nf6 2.c4 g6 3.Nc3 Bg7 4.e4 d6 5.Nf3 O-O 6.Be2 e5 7.O-O Nc6 8.d5 Ne7
9.Nd2 Ne8 10.b4 f5 11.c5 a6 12.f3 Rf7 13.Nc4 f4 14.a4 b6 15.Ba3 g5 16.Rc1 Ng6
17.cxb6 cxb6 18.Rc2 Bf8 19.a5 b5 20.Nb6 Rb8 21.Qd2 Bd7 22.Rfc1 h5 23.Nd1 g4
24.Nxd7 Qxd7 25.Rc6 Ra8 26.R1c3 Be7 27.Qc2 Bd8 28.Bc1 Ne7 29.Qb3 Rg7 30.Rc2 Nxc6
31.dxc6+ Qf7 32.Qd3 Bc7 33.Nc3 Nf6 34.Qd1 gxf3 35.Bxf3 Qb3 36.Bd2 Qxb4 37.Kh1 Qb3
38.Be1 Qf7 39.Nd5 Nxd5 40.Bxh5 Qe6 41.exd5 Qf5 42.h3 Rf8 43.Bg4 Qg5 44.Be6+ Kh8
45.Qf3 Qg6 46.Re2 Re8 47.Bg4 Rb8 48.Rb2 Qh7 49.Be6 Rg5 50.Kh2 Qh5 51.Qf2 Ra8
52.Bc3 Qh6 53.Be1 Rg3 54.Qc2 Rf8 55.Rb3 Rxb3 56.Qxb3 Rf6 57.Bc8 Qf8 58.Bg4 Qb8
59.Qb1 Qg8 60.Bh4 Rh6 61.Qf5 Rxh4 62.Qf6+ Qg7 63.Qxh4+ Kg8 64.Qh5 Kf8 65.Qf5+ Kg8
66.Qc8+ Kh7 67.h4 Bxa5 68.Kh3 Bc7 69.Bf5+ Kh6  1-0

[Event "TCh-NED"]
[Site "Netherlands NED"]
[Date "2011.02.12"]
[Round "6.9"]
[White "Wantola,I"]
[Black "Taha,S"]
[Result "1-0"]
[WhiteElo "2301"]
[BlackElo "2214"]

1.Nf3 Nf6 2.c4 g6 3.Nc3 Bg7 4.e4 d6 5.d4 O-O 6.Be2 e5 7.O-O Nc6 8.d5 Ne7
9.b4 a5 10.Ba3 axb4 11.Bxb4 Nd7 12.a4 h6 13.Nd2 f5 14.Nb3 Nf6 15.f3 g5 16.c5 f4
17.Nb5 Ne8 18.a5 Rf6 19.Rc1 Ng6 20.Rc3 h5 21.Qc2 g4 22.fxg4 Bxg4 23.h3 Bxe2
24.Qxe2 Nh4 25.cxd6 cxd6 26.Nd2 Rg6 27.Rf2 Rc8 28.Rxc8 Qxc8 29.Qxh5 Qd8 30.Qe2 Bf8
31.Nf3 Rg3 32.Be1 Be7 33.Nxh4 Bxh4 34.Rf1 f3 35.Rxf3 Rxf3 36.Bxh4 Qxh4 37.Qxf3 Qe1+
38.Kh2 Qb4 39.Qg4+ Kf8 40.Qd7 Qc5 41.h4 Qb4 42.h5 Qe1 43.Qf5+ Ke7 44.Qg5+ Kf8
45.Qf5+ Ke7 46.Qg4 Qd2 47.Qh4+ Kf7 48.h6 Kg8 49.Nxd6 Nxd6 50.Qg5+ Kh7 51.Qe7+ Kxh6
52.Qxd6+ Kh7 53.Qd7+ Kg8 54.Qc8+ Kg7 55.Qxb7+ Kg6 56.Qb6+ Kg5 57.Qd8+ Kg4
58.Qg8+ Kf4 59.Qg6 Qe1 60.Qf5+ Ke3 61.Qf3+ Kd4 62.a6 Qa1 63.d6 Qxa6 64.d7 Qh6+
65.Kg1 Kc4 66.d8=Q Qb6+ 67.Qf2 Qxd8 68.Qc2+  1-0

[Event "ch-St Petersburg S/F 2011"]
[Site "St Petersburg RUS"]
[Date "2011.02.13"]
[Round "3.3"]
[White "Levin,Ev"]
[Black "Kadyrov,A"]
[Result "1-0"]
[WhiteElo "2481"]
[BlackElo "2153"]

1.d4 d6 2.Nf3 Nf6 3.c4 g6 4.Nc3 Bg7 5.e4 O-O 6.Be2 e5 7.O-O Nc6 8.d5 Ne7
9.Ne1 Nd7 10.f3 f5 11.g4 Kh8 12.h4 Nf6 13.Nd3 c6 14.Nf2 Bd7 15.Be3 b5 16.b3 b4
17.dxc6 Bxc6 18.Nd5 Nexd5 19.cxd5 Bd7 20.Kg2 a5 21.Rh1 fxg4 22.fxg4 Rc8 23.Rc1 Rxc1
24.Qxc1 Qa8 25.Qd2 Rc8 26.Rc1 Ng8 27.Rxc8 Qxc8 28.g5 Qb7 29.Bg4 Bb5 30.Be2 Bd7
31.Qd3 Bf8 32.Qa6 Qxa6 33.Bxa6 h6 34.Bb6 a4 35.Ba5 axb3 36.axb3 hxg5 37.hxg5 Ne7
38.Bxb4 Nc8 39.Nd3 Kg7 40.Nb2 Be7 41.Nc4 Bxg5 42.Bxc8 Bxc8 43.Bxd6  1-0

[Event "ch-St Petersburg S/F 2011"]
[Site "St Petersburg RUS"]
[Date "2011.02.14"]
[Round "4.14"]
[White "Usmanov,V"]
[Black "Nikitinyh,B"]
[Result "1-0"]
[WhiteElo "2215"]
[BlackElo "2247"]

1.d4 Nf6 2.c4 d6 3.Nc3 g6 4.e4 Bg7 5.Nf3 O-O 6.Be2 Nc6 7.O-O e5 8.d5 Nb4
9.a3 Na6 10.b4 c6 11.Ne1 cxd5 12.cxd5 Bd7 13.Be3 Qe7 14.Rc1 Rfc8 15.f3 Nh5
16.Nd3 Nf4 17.Nxf4 exf4 18.Bd4 Be5 19.Qd2 Nb8 20.Nb5 Na6 21.Nxa7 Rxc1 22.Rxc1 Qf6
23.Bf2 Qg5 24.Bxa6 bxa6 25.Nc6 Rf8 26.Bd4 Bxd4+ 27.Qxd4 Re8 28.Re1 h5 29.Qa7 Bc8
30.Qb8 Qf6 31.e5 Qh4 32.Re2 dxe5 33.Rxe5 Rxe5 34.Qxe5 Bd7 35.Qe7 Qxe7 36.Nxe7+ Kg7
37.Nc6 Kf8 38.a4 Ke8 39.b5 axb5 40.axb5 Bc8 41.b6 Bb7 42.Na5 Bxd5 43.b7 Bxb7
44.Nxb7 Kd7 45.Nc5+ Kd6 46.Nd3 g5 47.Nf2 Ke5 48.Kf1 f5 49.Ke2 g4 50.Nd3+  1-0

[Event "ch-St Petersburg S/F 2011"]
[Site "St Petersburg RUS"]
[Date "2011.02.14"]
[Round "4.5"]
[White "Kadyrov,A"]
[Black "Solovjov,S"]
[Result "0-1"]
[WhiteElo "2153"]
[BlackElo "2385"]

1.d4 Nf6 2.Nf3 g6 3.c4 Bg7 4.Nc3 O-O 5.e4 d6 6.Be2 e5 7.O-O Nc6 8.d5 Ne7
9.Ne1 Nd7 10.f3 f5 11.g4 Kh8 12.Nd3 Ng8 13.Qd2 f4 14.Ne1 h5 15.Ng2 hxg4 16.fxg4 g5
17.Bf3 Rf7 18.Qe2 Bf8 19.Nd1 Rh7 20.Nf2 a5 21.b3 Ngf6 22.Bb2 Nc5 23.Bc3 Qe8
24.Rfb1 Qg6 25.a3 a4 26.b4 Nb3 27.Rxb3 axb3 28.a4 Bd7 29.b5 Rh6 30.a5 Qh7
31.h4 gxh4 32.g5 Rg6 33.Nxf4 exf4 34.Bxf6+ Bg7 35.e5 Bxf6 36.exf6 Rxg5+ 37.Kh2 Qc2
38.Qxc2 bxc2  0-1

[Event "ch-POL"]
[Site "Warsaw POL"]
[Date "2011.02.14"]
[Round "3"]
[White "Tazbir,M"]
[Black "Kanarek,M"]
[Result "1/2-1/2"]
[WhiteElo "2527"]
[BlackElo "2405"]

1.d4 Nf6 2.c4 g6 3.Nc3 Bg7 4.e4 d6 5.Nf3 O-O 6.Be2 e5 7.O-O Nc6 8.d5 Ne7
9.Be3 Ng4 10.Bd2 f5 11.Ng5 Nf6 12.f3 c6 13.Be3 Bh6 14.Bc1 Kg7 15.g4 f4 16.h4 Bxg5
17.hxg5 Ne8 18.Qe1 Rh8 19.Kg2 h6 20.Rh1 hxg5 21.Rxh8 Kxh8 22.Qg1 Nf6 23.Bd2 Kg7
24.Be1 c5 25.Nd1 Neg8 26.Nf2 Nh6 27.Bc3 Bd7 28.b4 b6 29.bxc5 bxc5 30.Rb1 Rb8
31.Rb3 Qc8 32.Qd1 Rb6 33.Qb1 Qa6 34.Kf1 Ba4 35.Rxb6 axb6 36.Ke1 Ne8 37.Nd3 Nf7
38.Qb2 Kf6 39.Qa3 Nc7 40.Nb2 Bd7 41.Qxa6 Nxa6 42.a4 Nc7 43.Kd2 Ke7 44.a5 bxa5
45.Bxa5 Kd8 46.Kc3 Kc8 47.Kb3 Kb7 48.Ka3 Ne8 49.Nd3 Ka6 50.Bd2 Nf6 51.Nf2 Be8
52.Bd1 Bd7 53.Kb2 Nd8 54.Kc3 Nb7 55.Kd3 Na5 56.Nh3 Nh7 57.Be1 Kb6 58.Bxa5+ Kxa5
59.Kc3 Be8 60.Bc2 Bd7 61.Bd1 Bc8 62.Kb3 Bd7 63.Ka3  1/2-1/2

[Event "IV Open A"]
[Site "Gora Swietej Anny POL"]
[Date "2011.02.16"]
[Round "6.12"]
[White "Wielosz,J"]
[Black "Kalmuk,Krzysztof"]
[Result "1-0"]
[WhiteElo "1877"]
[BlackElo "1778"]

1.d4 Nf6 2.c4 g6 3.Nc3 Bg7 4.e4 d6 5.Nf3 O-O 6.Be2 e5 7.O-O Nc6 8.d5 Ne7
9.b4 Nh5 10.Re1 f5 11.Ng5 Nf6 12.Bf3 h6 13.Ne6 Bxe6 14.dxe6 c6 15.Ba3 Qc7
16.b5 Rad8 17.Qb3 Rfe8 18.Rad1 fxe4 19.Nxe4 Nf5 20.Qd3 Rxe6 21.Nxf6+ Rxf6
22.Rxe5 Nh4 23.Re3 Kh7 24.g3 Nxf3+ 25.Rxf3 Rxf3 26.Qxf3 Qd7 27.Rxd6 Qxd6
28.Bxd6 Rxd6 29.h4 cxb5 30.cxb5 Rb6 31.a4 a6 32.h5 axb5 33.axb5 gxh5 34.Qxh5 Rf6
35.f4 b6 36.Qd5 Bf8 37.Kg2 Bc5 38.Kf3 Rd6 39.Qf7+ Kh8 40.Ke4 Rd4+ 41.Kf5 Rd6
42.g4 Rd2 43.Kg6 Rd6+ 44.Kh5 Bb4 45.f5  1-0